00499nam a22001577a 4500999001900000003000500019020002100024038001100045082002200056100004300078245003800121260004500159300001100204942001200215952011400227 c533950d533950NUST a9694480558qH/B. awaseem a339.46095491bPOV aEdited by Mohibul Haq Sahibzada928016 aPoverty Alleviation in Pakistan / aLahore :bShirkat Printing press,c1997. a392 p. 2ddccBK 00102ddc4070aCLbCLcECOd2020-01-25eDonationl0o339.46095491 POVpCL-D-857r2020-01-25w2020-01-25yBK